01649nam a2200313 a 450000100060000000300090000600500170001500700060003200800410003804000220007909200370010124500820013826000660022030000370028649000320032350000260035550000550038150504020043670000230083883000320086191000370089394200120093094500270094295201370096995201410110695600390124795600340128699900150132000157DO-SdBNP20180314080940.000157150130s2008 dr ac 000 0 spa d aBPMSUbspacBPMSU a372.7 bM425g 6to. 200800aMatemática 6 :bguías para el aprendizaje /cMargarita Luciano...[et al.] aSanto Domingo :bSecretaría de Estado de Educación,c2008 a 248 p. :bil., retrs. ;c28 cm.1 aEscuela multigrado innovada aEducación básica. aLa biblioteca solamente posee los volumenes 5 y 6.1 tUnidad 1 -- Exploramos los números y operamos con ellos --tUnidad 2 -- Realizamos operaciones con las fracciones --tUnidad 3 -- Resolvemos problemas con números decimales --tUnidad 4 -- Construimos y exploramos polígonos regulares e irregulares --tUnidad 5 -- Paso a paso: de la pulgada al pie llegamos a la yarda --tUnidad 6 -- Utilizamos tablas y gráficas para resolver problemas --12aLuciano, Margarita 0aEscuela multigrado innovada aValidado. Control de calidad MFF 2ddccBK aInventariado / 2018 VM 00102ddc40708CEaBPMETbBPMETd2015-07-21eDonaciónl0o372.7 M425g 6to. 2008pBPMSU15070296r2015-07-21w2015-07-21yBK 00102ddc40708CEaBPMETbBPMETd2015-07-21eDonaciónl0o372.7 M425e 6to. 2008pBPMSU15070297r2015-07-21te. 2w2015-07-21yBK aVMATEOb10c20150721lBMPSUh00151 aBTAVÁREZb10c20160407l157 c7982d7982